Highest Grossing Movies By Year - Statistics

General Stats
  • This quiz has been taken 519 times
    508 since last reset
  • The average score is 22 of 51
Answer Stats
Year Movie Total Gross % Correct
2009 Avatar $2,923,710,708
93%
2022 Avatar: The Way of Water $2,340,639,829
93%
2018 Avengers: Infinity War $2,048,359,754
92%
2012 The Avengers $1,518,812,988
89%
1997 Titanic $2,264,812,968
83%
1999 Star Wars: Episode IThe Phantom Menace $924,305,084
80%
1977 Star Wars: Episode IVA New Hope $775,398,507
80%
1983 Star Wars: Episode VIReturn of the Jedi $482,466,382
80%
2017 Star Wars: Episode VIIIThe Last Jedi $1,332,539,889
80%
2015 Star Wars: The Force Awakens $2,068,223,624
80%
2005 Star Wars: Episode IIIRevenge of the Sith $905,595,947
79%
1980 Star Wars: Episode VThe Empire Strikes Back $550,016,086
79%
2021 Spider-Man: No Way Home $1,921,598,800
68%
2019 Avengers: Endgame $2,797,501,328
65%
2023 Barbie $1,447,138,421
61%
1993 Jurassic Park $1,037,535,230
54%
2003 The Lord of the Rings: The Return of the King $1,147,997,407
53%
2016 Captain America: Civil War $1,153,337,496
50%
2008 The Dark Knight $1,007,336,937
49%
2011 Harry Potter and the Deathly Hallows: Part 2 $1,342,505,340
47%
2001 Harry Potter and The Sorcerer's Stone $974,755,371
47%
1975 Jaws $495,201,848
47%
2013 Frozen $1,290,000,000
45%
1989 Indiana Jones and the Last Crusade $474,171,806
42%
1981 Indiana Jones and the Raiders of the Lost Ark $389,925,971
42%
1982 E.T. the Extra-Terrestrial $797,307,407
40%
1994 The Lion King $970,707,763
40%
2010 Toy Story 3 $1,066,970,811
39%
2002 The Lord of the Rings: The Two Towers $948,945,489
38%
1985 Back to the Future $389,225,789
33%
1986 Top Gun $357,288,178
30%
2014 Transformers: Age of Extinction $1,104,039,076
29%
2024 Inside Out 2 $1,698,863,816
26%
1992 Aladdin $504,050,219
25%
1976 Rocky $225,000,000
25%
1990 Ghost $505,870,681
24%
1991 Terminator 2: Judgement Day $523,774,456
23%
1996 Independence Day $817,400,891
22%
2007 Pirates of the Caribbean: At World's End $960,996,492
20%
2025 Ne Zha 2 $2,215,690,000
19%
1998 Armageddon $553,709,788
18%
1984 Ghostbusters $370,000,000
18%
2004 Shrek 2 $929,100,999
18%
2000 Mission: Impossible 2 $546,388,108
15%
1978 Grease $396,271,103
13%
1988 Rainman $354,825,435
13%
2006 Pirates of the Caribbean:Dead Man's Chest $1,066,179,725
10%
1995 Batman Forever $336,567,158
5%
2020 Demon Slayer: Kimetsu no Yaiba $512,704,063
5%
1987 Fatal Attraction $320,145,693
5%
1979 Moonraker $210,308,099
4%
No matching quizzes found
Score Distribution
Percent of People with Each Score
Percentile by Number Answered
Your Score History
You have not taken this quiz since the last reset